|
|
|
|
| LEADER |
01184nam a2200289 a 4500 |
| 001 |
27488 |
| 003 |
BD-DhAAL |
| 005 |
20150206113650.0 |
| 008 |
130923r19871971nyua b 001 0 eng |
| 010 |
|
|
|a 87012357
|
| 020 |
|
|
|a 0195053168 (pbk. : alk. paper)
|
| 040 |
|
|
|a DLC
|c DLC
|d DLC
|d BD-DhAAL
|
| 050 |
1 |
0 |
|a QC175.16.P5
|b S72 1987
|
| 082 |
0 |
0 |
|a 530.4
|2 19
|
| 999 |
|
|
|c 14000
|d 14000
|
| 999 |
|
|
|c 14000
|
| 100 |
1 |
|
|a Stanley, H. Eugene
|q (Harry Eugene),
|d 1941-
|9 3188
|
| 245 |
1 |
0 |
|a Introduction to phase transitions and critical phenomena /
|c by H. Eugene Stanley.
|
| 260 |
|
|
|a New York :
|b Oxford University Press,
|c 1987.
|
| 300 |
|
|
|a xx, 308 p. :
|b ill. ;
|c 23 cm.
|
| 500 |
|
|
|a Reprint. Originally published: Oxford : Clarendon Press, 1971. (The International series of monographs on physics)
|
| 504 |
|
|
|a Includes bibliography (p. [290]-300.) and index.
|
| 541 |
|
|
|e 27488
|
| 650 |
|
0 |
|a Phase transformations (Statistical physics)
|9 3185
|
| 650 |
|
0 |
|a Critical phenomena (Physics)
|9 3189
|
| 942 |
|
|
|2 ddc
|c BK
|
| 952 |
|
|
|0 0
|1 0
|2 ddc
|4 0
|6 530_400000000000000_STA
|7 0
|9 23455
|a BRACUL
|b BRACUL
|c GEN
|d 2013-09-23
|e Trim Education
|g 9850.00
|l 0
|o 530.4 STA
|p 3010027488
|r 2013-09-23
|t 1
|w 2013-09-23
|y BK
|